000 00404pab a2200169 454500
008 180718b2011 xxu||||| |||| 00| 0 eng d
100 _aNigam, Aditya
245 _aOld left is dying! Long live the left!
260 _c2011
300 _ap.31-33.
362 _a11 Jun
650 _aPolitical parties - India
650 _aPolitical parties
773 _aMainstream
908 _aN
909 _a91973
999 _c91973
_d91973